00539nam a2200169 a 450000100100000000500170001000800410002704000250006808200180009310000230011124501170013426000320025130000330028370000270031604900090034399900170035200002522520200930023636.0110211nuuuuuuuucc a r 000 0 spa d aDO-SdBNPbspacBNPHU axxxxxxbW246e1 aWang, Sheng95170210aEstudio comparativo de los tres principios del pueblo con otras doctrinas /cWang Sheng ; traducción Lei Shan. aTaiwan :bLi Ming,c[19??]. aiii, 269 p. :bil. ;c21 cm.1 aLei, Shan,etr.951703 aBNGR c24718d24718